• 首页
  • 本馆介绍
  • 公告通知
  • 最新文献
  • 馆藏检索
  • 电子资源
  • 读者荐购
  • 参考咨询
  • CALIS
  • 我的图书馆
  • 登录
  • 详细信息显示
  • 放入我的书架
  • 预约/预借图书
  • 作者相关作品
  • 分类相关作品
  • 丛书相关作品
  • 出版社相关作品

书目信息

  • 表格格式
  • 工作单格式
  • 卡片格式
题名:
钢筋切断机 JG/T 5085-1996
    
 
作者: 中华人民共和国建设部 发布
分册:  
出版信息: 北京   中国标准出版社  1997.04
页数: 18页
开本: 16开
丛书名:
单 册:
中图分类: TG5-65
科图分类:
主题词: 金属切削 , 机床 , 金属加工--机具
电子资源:
ISBN:
 
 
 
 
 
000 00661nam0 2200217 45
001 0009261667
005 20000926160700.6
010    @d9.00元
100    @a20000926d1997 km y0chiy0120 ea
101 0  @achi
105    @a z 000yy
200 1  @a钢筋切断机 JG/T 5085-1996@AGang Jin Qie Duan Ji JG/T 5085-1996@f中华人民共和国建设部发布@FZhong Hua Ren Min Gong He Guo Jian She Bu Fa Bu
210    @a北京@c中国标准出版社@d1997.04
215    @a18页@d16开
606 0  @a金属切削
606 0  @a机床
606 0  @a金属加工@x机具
690    @aTG5-65@v3
701  0 @a中华人民共和国建设部@4发布
801    @aCN@bPftUser@c20000926
905    @b154566-570@dTG5-65@eZH:706@f5
    
    钢筋切断机 JG/T 5085-1996/中华人民共和国建设部发布.-北京:中国标准出版社,1997.04
    18页;16开
    
    
    ISBN :9.00元
    
●
相关链接 在E读中查询图书 在当当中查询图书 在豆瓣中查询图书


正题名:钢筋切断机JG/T 5085-1996     索取号:TG5-65/ZH:706         预约/预借

序号 登录号 条形码 馆藏地/架位号 状态 备注
1 154566   201545667   自科库501/501自科库 27排1列5层/ [索取号:TG5-65/ZH:706] 在馆    
2 154567   201545676   自科库501/501自科库 27排1列5层/ [索取号:TG5-65/ZH:706] 在馆    
3 154568   201545685   自科二线404/501自科库 27排1列5层/ [索取号:TG5-65/ZH:706] 在馆    
4 154569   201545694   自科库501/501自科库 27排1列5层/ [索取号:TG5-65/ZH:706] 在馆    
5 154570   201545701   自科库501/501自科库 27排1列5层/ [索取号:TG5-65/ZH:706] 在馆    
河南城建学院图书馆 欢迎您!
大连网信软件有限公司© 版权所有